عرض عادي
عرض مارك
- Greenhouse management.
مدخل مصطلح موضوعي
001 - رقم الضبط
- حقل الضبط: 49779
003 - معرف رقم الضبط
- حقل الضبط: OSt
005 - تاريخ ووقت أخر عملية
- حقل الضبط: 20150729015054.0
008 - عناصر بيانات ثابتة الطول
- حقل تحكم ثابت الطول: 150729|| aca||aabn | a|a d
040 ## - مصدر الفهرسة
- هيئة الفهرسة الأصلية: OSt
- وكالة الكتابة: OSt
150 ## - مدخل-- مصطلح تاريخي
- عنصر مدخل المصطلح الموضوعي او الاسم الجغرافي: Greenhouse management.
670 ## - بيانات المصدر موجوده
- الاستشهاد بالمصدر: Work cat.: (OSt)0: Nelson, Paul V. 49778, Greenhouse operation and management /, 2014.
